000 00331nam a2200133Ia 4500
005 20251222155041.0
008 251222s9999||||xx |||||||||||||| ||spa||
082 _aEBA.105
100 _aAgueda Wendhausen
245 0 _aAsaúde em Questao Un Espaco para Reflexao
250 _a1ra. ed.
264 _bEd. Dos Autores
942 _cLIB
999 _c36926
_d36926